[Event "Gipuzkoako Banakako Txapelketa"]
[Site "Billabonako"]
[Date "2009.11.14"]
[Round "5.3"]
[White "Perez Oyarzabal, Urtzi"]
[Black "Ubegun Lizaso, Joseba"]
[Result "0-1"]
[WhiteElo "1610"]
[BlackElo "1623"]
[PlyCount "46"]
[EventDate "2009.10.17"]
[EventType "swiss"]
[EventRounds "7"]
[EventCountry "ESP"]
[SourceTitle "EXT 2024"]
[Source "ChessBase"]
[SourceDate "2023.10.10"]
[SourceVersion "1"]
[SourceVersionDate "2023.10.10"]
[SourceQuality "1"]

1. e4 e6 2. d4 d5 3. exd5 exd5 4. Nf3 Nf6 5. Bg5 Be7 6. Nc3 0-0 7. Bd3 Bg4 8. 0-0 Nbd7 9. Re1 c6 10. a3 Re8 11. b4 Qc7 12. Bxf6 Nxf6 13. h3 Bh5 14. Be2 Bd6 15. Qd2 Bf4 16. Qd3 Ne4 17. Nd1 Bg6 18. Rb1 Ng3 19. Qc3 Nxe2+ 20. Rxe2 Rxe2 21. Ne3 Bxe3 22. fxe3 Qg3 23. Ne1 Be4 0-1

[Event "Gipuzkoako Banakako Txapelketa"]
[Site "Billabonako"]
[Date "2009.11.07"]
[Round "4.4"]
[White "Ubegun Lizaso, Joseba"]
[Black "Intxaurrondo Gonzalez, Aimar"]
[Result "1-0"]
[WhiteElo "1623"]
[BlackElo "1481"]
[PlyCount "112"]
[EventDate "2009.10.17"]
[EventType "swiss"]
[EventRounds "7"]
[EventCountry "ESP"]
[SourceTitle "EXT 2024"]
[Source "ChessBase"]
[SourceDate "2023.10.10"]
[SourceVersion "1"]
[SourceVersionDate "2023.10.10"]
[SourceQuality "1"]

1. e4 e5 2. Nf3 Nc6 3. Bb5 d6 4. c3 Bd7 5. 0-0 Nf6 6. Re1 a6 7. Ba4 b5 8. Bb3 b4 9. d4 Bg4 10. d5 Na5 11. cxb4 Nxb3 12. Qxb3 Rb8 13. Nbd2 Be7 14. h3 Bd7 15. Nf1 c5 16. Bd2 cxb4 17. Bxb4 0-0 18. Qc3 Qb6 19. Ba3 Rfc8 20. Qd2 Rc7 21. Rac1 Rxc1 22. Qxc1 Rc8 23. Qe3 Qxe3 24. Rxe3 Ba4 25. Nxe5 Bc2 26. Ng3 dxe5 27. Bxe7 Nh5 28. Nxh5 Rc4 29. Rc3 Rxc3 30. bxc3 Bxe4 31. d6 Bc6 32. Ng3 f6 33. Nf5 Kf7 34. g3 g6 35. Ne3 Ke6 36. f4 e4 37. Nc4 Kd5 38. Nb6+ Ke6 39. Nc8 Kd5 40. Nb6+ Ke6 41. Kf2 f5 42. Ke3 Bb5 43. c4 Bc6 44. g4 h6 45. c5 fxg4 46. hxg4 h5 47. gxh5 gxh5 48. Kd4 Kf5 49. Nd5 a5 50. Bg5 a4 51. Ne7+ Kg4 52. Nxc6 h4 53. Bxh4 Kxh4 54. d7 Kg4 55. Kxe4 Kg3 56. d8Q Kf2 1-0

[Event "Gipuzkoako Banakako Txapelketa"]
[Site "Billabonako"]
[Date "2009.10.31"]
[Round "3.1"]
[White "Olivares Gutierrez, Antonio"]
[Black "Ubegun Lizaso, Joseba"]
[Result "1-0"]
[WhiteElo "1683"]
[BlackElo "1623"]
[PlyCount "63"]
[EventDate "2009.10.17"]
[EventType "swiss"]
[EventRounds "7"]
[EventCountry "ESP"]
[SourceTitle "EXT 2024"]
[Source "ChessBase"]
[SourceDate "2023.10.10"]
[SourceVersion "1"]
[SourceVersionDate "2023.10.10"]
[SourceQuality "1"]

1. e4 e6 2. d4 d5 3. Nc3 Nf6 4. exd5 exd5 5. Nf3 c5 6. Be2 Nc6 7. 0-0 cxd4 8. Nb5 Bc5 9. Nbxd4 0-0 10. Nb3 Qb6 11. Nxc5 Qxc5 12. h3 Bf5 13. c3 Rfe8 14. Be3 Qd6 15. Nd4 Be4 16. Qd2 Nxd4 17. Qxd4 b6 18. Rad1 Rac8 19. Ba6 Rc7 20. f3 b5 21. Bxb5 Rc5 22. Qxc5 Qxc5 23. Bxc5 Rb8 24. fxe4 Rxb5 25. b4 Nxe4 26. Rxd5 h6 27. Rd8+ Kh7 28. Bd4 Ng5 29. Re1 Ne6 30. Rxe6 fxe6 31. Rd7 e5 32. a4 1-0